000 00413nam a2200157Ia 4500
008 210716s9999 xx 000 0 und d
020 _a9788120327719
041 _aeng
082 _a658.8 SRIP
100 _aSrinivasan.R.
245 _aCase studies in marketing: the Indian context.
_bIndian context.
250 _a3
260 _bPrentice Hall of India PVt Ltd
300 _axvii,306
650 _aMarketing
999 _c199373
_d199373